Style lyrics - Statistics

General Stats
  • This quiz has been taken 198 times
  • The average score is 278 of 318
Answer Stats
Lyrics % Correct
a
99%
go
99%
I
99%
"I
99%
I"
99%
of
99%
we
99%
You
99%
you
99%
and
98%
And
98%
never
98%
out
98%
style,
98%
style
98%
got
97%
that
97%
That
97%
me
96%
back
94%
back,
94%
eye
94%
red
94%
time
94%
in
93%
like
93%
thing
93%
lip
92%
your
92%
classic
91%
come
91%
He
91%
look
91%
Dean
90%
down,
90%
every
90%
James
90%
t-shirt
89%
when
89%
white
89%
'cause
88%
'Cause
88%
'Cause
88%
skirt
88%
girl
87%
girl,
87%
girl"
87%
no
87%
the
87%
The
87%
little
86%
Long
86%
long
86%
So
86%
crashing
85%
daydream
85%
oh
85%
Oh,
85%
been
84%
hair
84%
Take
83%
take
83%
tight
83%
but
82%
headlights
82%
to
82%
Midnight
81%
you've
81%
good
80%
heard
80%
heard,
80%
up,
80%
on
79%
pick
79%
can't
78%
home
78%
is
78%
"What
78%
it
77%
slicked
77%
there
77%
"I've
76%
drive,
75%
eyes
75%
few
75%
other
75%
said,
75%
say,
75%
some
75%
times"
75%
with
75%
'bout
74%
true,
74%
Just
73%
just
73%
thinkin'
73%
stop
72%
have
71%
keep
71%
road
71%
about
70%
his
70%
It's
70%
too,
70%
each
68%
'round
68%
while
67%
from
66%
since
66%
know
65%
off,
65%
off
65%
says,
65%
goes
64%
Yeah,
64%
even
63%
paradise
63%
leave
62%
where
62%
wild
62%
faith
61%
'round
61%
burning
58%
end
58%
tell
58%
watch
58%
flames
57%
leads,
57%
Takes
57%
us
57%
should
56%
he's
55%
lights
55%
or
55%
are
53%
coat
53%
could
53%
taking
53%
exactly
52%
Fade
49%
into
49%
view,
47%
No matching quizzes found
Score Distribution
Percent of People with Each Score
Percentile by Number Answered
Your Score History
You have not taken this quiz